000 00731nam a2200253 i 4500
001 C2-0322280
003 PPAK
005 20180728121235.0
008 130512s2012 nyua|||| ||||| | eng d
020 _a9780061999864
040 _aPPAK
_beng
_cPPAK
_erda
082 0 4 _a973.932
_223
090 0 0 _a973.932
_bSWA
_dLCK
100 1 _aSwarns, Rachel L.,
_eauthor
245 1 0 _aAmerican tapestry
264 1 _aNew York :
_bHarperCollins Publishers ,
_c2012
300 _a391 pages :
_billustrations ;
_c23 cm
336 _2rdacontent
_atext
337 _2rdamedia
_aunmediated
338 _2rdacarrier
_avolume
500 _aBibliography pages : 357-367 ; Includes indexes
650 1 0 _aAmerican - Tapestry.
942 _ddc
_cB
999 _c122625
_d122625